Characters of It's Always Sunny in Philadelphia - Statistics

General Stats
  • This quiz has been taken 334 times
  • The average score is 23 of 65
Answer Stats
Hint Answer % Correct
The Gang Charlie Kelly
100%
The Gang Deandra Reynolds
100%
The Gang Dennis Reynolds
100%
The Gang Frank Reynolds
100%
The Gang Ronald McDonald
100%
Reccuring Characters The Waitress
84%
Relatives Bonnie Kelly
83%
Relatives Luther Mcdonald
78%
Relatives Mrs McDonald
73%
Recurring Characters Matthew Mara
72%
Relatives Gail the Snail
71%
Relatives Jack Kelly
70%
Reccuring Characters Liam McPoyle
70%
Relatives Barbara Reynolds
69%
Reccuring Characters Artemis Dubois
68%
Reccuring Characters Maureen Ponderosa
67%
Reccuring Characters Bill Ponderosa
66%
Reccuring Characters Ryan McPoyle
63%
Reccuring Characters The Lawyer
61%
Relatives Bruce Mathis
53%
Reccuring Characters Margaret McPoyle
51%
Minor Characters Jack Bauer
49%
Reccuring Characters Ben Smith
46%
Relatives Country Mac
41%
Reccuring Characters Doyle McPoyle
39%
Reccuring Characters Carmen
37%
Reccuring Characters Ingrid Nelson
31%
Relatives Heinrich Landgraf
26%
Reccuring Characters Kevin Gallagher
26%
Relatives Gino Reynolds
25%
Reccuring Characters Z
25%
Relatives Donna
23%
Reccuring Characters Duncan
20%
Reccuring Characters Peter Schmidt
20%
Reccuring Characters Rex
20%
Reccuring Characters Da Maniac
19%
Reccuring Characters Royal McPoyle
19%
Reccuring Characters Principal Brian McIntyre
18%
Reccuring Characters Brad Fisher
17%
Minor Characters Gladys
17%
Minor Characters Roxy
16%
Reccuring Characters Old Black Man
15%
Minor Characters Poppins
14%
Reccuring Characters Shadynasty
14%
Minor Characters Pepper Jack
13%
Minor Characters Sun-Li
12%
Minor Characters Caylee
11%
Minor Characters Trey
11%
Reccuring Characters Dr Larry Meyers
10%
Minor Characters Hwang
10%
Minor Characters Sara
9%
Minor Characters Tammy
9%
Minor Characters Ruby Taft
8%
Minor Characters Tommy Corvelli
8%
Minor Characters Mr. Kim
7%
Minor Characters Ari Frankel
6%
Minor Characters Stacy Corvelli
5%
Minor Characters Chris Murray
4%
Relatives Dennis junior
4%
Minor Characters Trevor Taft
4%
Minor Characters Gary
3%
Minor Characters Megan
3%
Minor Characters Dottie
2%
Minor Characters Korman
2%
Minor Characters Wendell Albright
1%
No matching quizzes found
Score Distribution
Percent of People with Each Score
Percentile by Number Answered
Your Score History
You have not taken this quiz